| 000 | 00694nam a2200241 i 4500 | ||
|---|---|---|---|
| 001 | 130815 | ||
| 003 | ES-MaACL | ||
| 005 | 20230906193843.0 | ||
| 007 | t| | ||
| 008 | 090809s1964 xxk ||||1| eng d | ||
| 080 | _a811.112.5 | ||
| 100 | 1 |
_aKoolhoven, H. _968575 |
|
| 245 | 1 | 0 |
_aTeach yourself dutch / _cby H. Koolhoven. |
| 250 | _a9th ed. | ||
| 260 |
_aLondon : _bThe English Universities Press, _c[1964] |
||
| 300 |
_a223 p. ; _c18 cm. |
||
| 490 | 1 | _aTeach yourself books | |
| 500 | _aBiblioteca Jacinto MartÃnez Lacalle. | ||
| 650 | 4 |
_aLengua holandesa. _914262 |
|
| 830 | 0 |
_aTeach yourself books _9184373 |
|
| 852 |
_aES-MaACL _jE-11931 _bR.139832 |
||
| 999 |
_c130815 _d130815 |
||